| 000 | 06537nam a22004817a 4500 | ||
|---|---|---|---|
| 005 | 20110808115936.0 | ||
| 010 | _aB-441660-680 | ||
| 020 |
_c160.00 _a9788126318667 |
||
| 035 | _aB-441660-680 | ||
| 037 | _bएलाईड पब्लिशर्स | ||
| 082 | _a181.45 | ||
| 100 |
_aमिश्र, कृष्ण बिहारी _932847 |
||
| 245 |
_aन मेधया / _cकृष्ण बिहारी मिश्र |
||
| 246 |
_aNa Medhaya _bby Krishna Bihari Mishra |
||
| 260 |
_aनई दिल्ली _bभारतीय ज्ञानपीठ _c2011 |
||
| 270 |
_a18, इन्स्टीटयूशनल एरिया, लोदी रोड _bनई दिल्ली _e110003 |
||
| 300 |
_a160पृ. _c22सेमी (सजिल्द) |
||
| 490 |
_aलोकोदय ग्रन्थमालाःग्रन्थांक 1026;रवीन्द्र कालिया / रवीन्द्र कालिया द्वारा सम्पादित _932848 |
||
| 500 | _aश्री रामकृष्ण परमहंस के प्रेरक जीवन-प्रसंग | ||
| 942 |
_2ddc _cHN _mमिश्रकृ _h181.45 |
||
| 999 |
_c55018 _d55018 |
||